Paroles : Lambé an dro - Matmatah - Statistiques

Statistiques générales
  • Ce quiz a été pris 228 fois
  • Le résultat moyen est 325 sur 382
Statistiques - réponses
Paroles % Correct
à
99%
a
99%
la
99%
faire
97%
Lambé
97%
Lambé)
97%
Si
97%
(Si
97%
Si,
97%
(Si,
97%
si
97%
un
97%
Viens
97%
tour
96%
donc
95%
tu
94%
de
92%
te
92%
t'es
86%
peu
78%
cherches
77%
t'as
76%
du
75%
Y
75%
(Y
75%
y
75%
planté
74%
aux
72%
exams
71%
gaieté
68%
volonté
66%
plus
64%
pour
64%
chouchen
62%
veux
62%
da
58%
ton
58%
dro)
57%
fait
57%
rien
56%
vient
55%
squatter
54%
dans
53%
trouvé
53%
partager
51%
chose
50%
fêter
50%
quelque
50%
beuh
49%
as
48%
mec
48%
d'entrées
47%
Et
47%
pécho
47%
plaquer
46%
d'la
45%
marre
44%
galérer
43%
t'en
43%
t'jeter
43%
bien
42%
choper
42%
l'bus
42%
pied
42%
t'aimes
42%
marche
41%
ouache,
29%
Mets
28%
Fanch
27%
l'mélo
23%
Bouguen,
21%
Deus
12%
d'ober
9%
Aucun quiz correspondant
Distribution des résultats
% des personnes avec chaque résultat
Percentile par nombre de réponses
Votre historique - résultats
Vous n’avez pas pris ce quiz